<?xml version="1.0" encoding="UTF-8"?>
<record
    xmlns:xsi="http://www.w3.org/2001/XMLSchema-instance"
    xsi:schemaLocation="http://www.loc.gov/MARC21/slim http://www.loc.gov/standards/marcxml/schema/MARC21slim.xsd"
    xmlns="http://www.loc.gov/MARC21/slim">

  <leader>01981nam a22002057a 4500</leader>
  <controlfield tag="003">IT-MiCISF</controlfield>
  <controlfield tag="005">20210506113251.0</controlfield>
  <controlfield tag="008">210506b           ||||| |||| 00| 0 eng d</controlfield>
  <datafield tag="040" ind1=" " ind2=" ">
    <subfield code="c">IT-MiCISF</subfield>
  </datafield>
  <datafield tag="041" ind1=" " ind2=" ">
    <subfield code="a">it</subfield>
  </datafield>
  <datafield tag="100" ind1=" " ind2=" ">
    <subfield code="a">Shelhav Chava</subfield>
    <subfield code="9">58908</subfield>
  </datafield>
  <datafield tag="245" ind1=" " ind2=" ">
    <subfield code="a">Lo spazio del  bambino</subfield>
    <subfield code="b">Un approccio integrato allo sviluppo infantile secondo il metodo Feldenkrais</subfield>
  </datafield>
  <datafield tag="260" ind1=" " ind2=" ">
    <subfield code="a">Roma</subfield>
    <subfield code="b">Astrolabio</subfield>
    <subfield code="c">2021</subfield>
  </datafield>
  <datafield tag="300" ind1=" " ind2=" ">
    <subfield code="a">pp. 309</subfield>
  </datafield>
  <datafield tag="500" ind1=" " ind2=" ">
    <subfield code="a">infanzia, periodo-neonatale, crescita-bambini, teoria, esperienze</subfield>
  </datafield>
  <datafield tag="520" ind1=" " ind2=" ">
    <subfield code="a">Quali sono i fattori che consentono a un bambino di girarsi su se stesso, di sedersi o di alzarsi in piedi? Cosa pu&#xF2; fare un genitore se un figlio non gattona o non sa mettersi a sedere da solo? In che modo &#xE8; possibile aiutare un bimbo a migliorare il linguaggio o ad afferrare un giocattolo? Quali sono i giochi ideali per risvegliare il suo interesse in ogni fase dello sviluppo? L&#x2019;autrice, sulla base di una lunga esperienza di insegnamento e del suo lavoro pedagogico con bambini affetti da disabilit&#xE0;, ha sviluppato un approccio espressamente dedicato ai bambini: il neonato (e il bambino molto piccolo) viene osservato attentamente allo scopo di individuarne le abilit&#xE0;, riconoscerne i bisogni e identificarne l'unicit&#xE0;. Ogni bambino ha un ritmo di crescita specifico, che dipende dal suo patrimonio genetico e dalle sue interazioni con l'ambiente fisico e sociale. Bambini della stessa et&#xE0; conoscono tempi diversi nelle tappe dello sviluppo, hanno funzioni di apprendimento specifiche e si cimentano in modo differente nelle diverse varianti dei movimenti funzionali. Non esiste un modello unico per la genitorialit&#xE0; e per lo sviluppo infantile: questo testo potr&#xE0; tuttavia costituire una valida guida per genitori e professionisti che si occupano dell'accudimento, fornendo una serie di strumenti, teorici e pratici, da applicare nelle diverse situazioni. </subfield>
  </datafield>
  <datafield tag="650" ind1=" " ind2=" ">
    <subfield code="a">et&#xE0;-evolutiva</subfield>
    <subfield code="9">56123</subfield>
  </datafield>
  <datafield tag="654" ind1=" " ind2=" ">
    <subfield code="a">saggio</subfield>
  </datafield>
  <datafield tag="942" ind1=" " ind2=" ">
    <subfield code="2">ddc</subfield>
    <subfield code="c">BK</subfield>
  </datafield>
  <datafield tag="999" ind1=" " ind2=" ">
    <subfield code="c">359261</subfield>
    <subfield code="d">359261</subfield>
  </datafield>
  <datafield tag="952" ind1=" " ind2=" ">
    <subfield code="0">0</subfield>
    <subfield code="1">0</subfield>
    <subfield code="2">ddc</subfield>
    <subfield code="4">0</subfield>
    <subfield code="6">B_7659_000000000000000</subfield>
    <subfield code="7">1</subfield>
    <subfield code="a">CISF</subfield>
    <subfield code="b">CISF</subfield>
    <subfield code="d">2021-05-06</subfield>
    <subfield code="l">0</subfield>
    <subfield code="o">b7659</subfield>
    <subfield code="p">9788834018064</subfield>
    <subfield code="r">2021-05-06 00:00:00</subfield>
    <subfield code="w">2021-05-06</subfield>
    <subfield code="y">BK</subfield>
  </datafield>
</record>
